| 000 | 00324nam a22001097a 4500 | ||
|---|---|---|---|
| 008 | 140327b xxu||||| |||| 00| 0 eng d | ||
| 050 | _aHF5387.G779 | ||
| 100 |
_aGray, John _99497 |
||
| 245 |
_aThe Moral Foundations of Market Institutions _cJohn Gray |
||
| 260 |
_aLondon _bThe IEA Health and Welfare Unit _c1992 |
||
| 999 |
_c120299 _d120299 |
||